Mots en N par définition - Statistiques

Statistiques générales
  • Ce quiz a été pris 226 fois
  • Le résultat moyen est 15 sur 20
Statistiques - réponses
Genre Définition Mot % Correct
Nom Féminin Asphyxie par afflux d'un liquide dans les voies respiratoires, en particulier à la suite d'une immersion dans l'eau. Noyade
98%
Nom Féminin Eau congelée qui tombe des nuages en flocons blancs et légers. Neige
96%
Nom Féminin Officier public et ministériel chargé de rédiger ou de recevoir les actes et contrats auxquels les personnes doivent ou veulent faire donner un caractère d'authenticité, et particulièrement tous actes relatifs à la vente d'un immeuble, au règlement d'une succession. Notaire
92%
Nom Féminin Commencement de la vie indépendante pour un être vivant, au sortir de l'organisme maternel. Naissance
91%
Nom Masculin Organe formant une saillie sur le tiers moyen de la hauteur de la face et constituant la partie initiale des voies respiratoires. Nez
91%
Nom Féminin Fruit à coque ligneuse, entourée d'une écorce verte dite « brou ». Noix
91%
Nom Masculin Éclairage par tube fluorescent ; le tube lui-même. Néon
87%
Nom Masculin Confiserie faite de sucre, de sirop de glucose et de miel, généralement additionnée de blanc d'œuf battu et allégée, garnie d'amandes, de noisettes, de pistaches ou de fruits confits. Spécialité de Montélimar. Nougat
86%
Nom Féminin Femme qui, moyennant un salaire, allaitait, nourrissait et éventuellement gardait chez elle l'enfant en bas âge d'une autre femme. Nourrice
86%
Nom Féminin Région postérieure du cou, courbée et souple, comprenant toutes les parties molles situées en arrière du rachis cervical et limitée latéralement par les bords antérieurs des muscles trapèzes. Nuque
86%
Nom Masculin Nom usuel de deux nymphéacées des étangs et mares, l'une à fleurs blanches, l'autre à fleurs jaunes, possédant une souche enracinée au fond et des fleurs et feuilles flottantes. Nénuphar
84%
Nom Féminin Vieux ou ironique. Religieuse. Nonne
83%
Nom Masculin Narine de certains grands mammifères, comme le cheval ou les ruminants ; constituent la partie supérieure du museau, ou rhinarium. Naseau
79%
Nom Féminin Pâte alimentaire en forme de longue lanière mince et plate. Nouille
74%
Nom Masculin Cétacé de la zone arctique de l'Atlantique dont le mâle porte en avant de la tête une défense qui représente une incisive gauche spiralée pouvant atteindre 3 m de long. Narval
71%
Nom Masculin Familier. Film inintéressant, médiocre ; navet. Nanar
55%
Nom Masculin Notion qui permet de compter, de dénombrer les choses ou les êtres, de classer les objets, de mesurer les grandeurs. Nombre
53%
Nom Féminin Récit bref qui réclame l'unité de la narration et l'unité de l'effet. Nouvelle
53%
Nom Masculin Nid artificiel qu'on suspend aux arbres pour faciliter la reproduction des oiseaux. Nichoir
49%
Nom Féminin Ensemble des mots en usage dans une science, un art, ou relatifs à un sujet donné, présentés selon une classification méthodique ; méthode employée pour l'établissement de cette classification. Nomenclature
41%
Aucun quiz correspondant
Distribution des résultats
% des personnes avec chaque résultat
Percentile par nombre de réponses
Votre historique - résultats
Vous n’avez pas pris ce quiz